00422nam a2200145Ia 4500003000400000005001700004008004000021040000700061041001200068082001600080100003900096245008300135260005000218300000800268OSt20240224114523.0210210b1987 xxu||||| |||| 00| 0 eng d cAL aKannada aK894.3 SAYS aSAYISUTE. ಸಾಯಿಸುತೆ aShrirastu shubhamastubಶ್ರೀರಸ್ತು ಶುಭಮಸ್ತು aTumakurubKarnataka Sahitya Prakashanac1987 a263